00394cam a2200157ua 45000010005000000080039000050400009000440820013000531000027000662450047000932500009001402600030001493000017001796530018001966530022002143873111207n ii |||gr||||Z||||||asm cMAIN a891.45111 aHazarika, Karabi Deka,11aKavitar rup chayacby Karabi Deka Hazarika a1st. aDibrugarh:bBanalata,991. a202p:c23cm. aAssamese poem aKavitar rup chaya